[Event "20e tournoi d'automne"]
[Site "Montigny le Bretonneux"]
[Date "2022.10.25"]
[Round "4.14"]
[White "Dang, Louis"]
[Black "Ganbat, Tushig"]
[Result "1-0"]
[WhiteElo "1394"]
[BlackElo "1309"]
[Annotator "Rivier,Sylvain"]
[PlyCount "142"]
[EventDate "2022.??.??"]

{Défense sicilienne, variante Taimanov} 1. e4 c5 2. Nf3 e6 3. d4 cxd4 4. Nxd4
Nf6 5. Nc3 Bb4 6. Bd3 Nc6 7. Nb3 d5 8. exd5 Nxd5 9. Bd2 Bxc3 10. Bxc3 Nxc3 11.
bxc3 Qf6 12. c4 O-O 13. O-O Ne5 14. Qe2 Nxd3 15. cxd3 b6 16. d4 Ba6 17. a4 Rac8
18. Rfc1 Rc7 19. Qd3 Rd8 20. a5 Bb7 21. Qe3 Rdc8 22. c5 bxc5 23. Nxc5 Bd5 24.
Re1 h6 25. h3 Qg6 26. f3 Qf6 27. Rab1 Qd8 28. Rb4 Rb8 29. Rxb8 Qxb8 30. Na6 Qb7
31. Nxc7 Qxc7 32. Qd2 Qg3 33. Rc1 f5 34. Rc8+ Kf7 35. Qf2 Qf4 36. h4 a6 37. Rc3
Kf6 38. g3 Qd6 39. Kh2 Qb4 40. Rc5 Qb7 41. f4 h5 42. Qe2 Qb4 43. Rxd5 exd5 44.
Qe5+ Kg6 45. Qe6+ Kh7 46. Qxf5+ Kg8 47. Qxd5+ Kf8 48. Qf5+ Kg8 49. Qxh5 Qxd4
50. Qe5 Qf2+ 51. Kh3 Qf1+ 52. Kg4 Qd1+ 53. Kf5 Qh5+ 54. Ke4 Qe2+ 55. Kd5 Qb5+
56. Kd6 Qb8+ 57. Kd7 Qb7+ 58. Qc7 Qd5+ 59. Kc8 Qa8+ 60. Qb8 Qc6+ 61. Kd8 Kh7
62. Qb1+ Kh8 63. Qb6 Qa8+ 64. Kc7 Qd5 65. Qxa6 Qc5+ 66. Kb7 Qe7+ 67. Kb8 Qb4+
68. Qb6 Qf8+ 69. Ka7 Qe7+ 70. Ka8 Qe4+ 71. Qb7 Kh7 1-0

[Event "20e tournoi d'automne"]
[Site "Montigny le Bretonneux"]
[Date "2022.10.25"]
[Round "4.15"]
[White "Longbien, Dominique"]
[Black "Aidan, David"]
[Result "1-0"]
[WhiteElo "1379"]
[BlackElo "1266"]
[Annotator "Rivier,Sylvain"]
[PlyCount "97"]
[EventDate "2022.??.??"]

{Défense hollandaise} 1. d4 f5 2. Bf4 e6 3. Nf3 Nf6 4. e3 Be7 5. Nbd2 O-O 6. c4
b6 7. Bd3 d6 8. O-O Nc6 9. Qc2 Nb4 10. Qb1 Nxd3 11. Qxd3 Bb7 12. h3 a5 13. Bh2
Qd7 14. Rfe1 Ne4 15. Qc2 Rad8 16. Rac1 Rf6 17. Red1 Rg6 18. d5 Nxd2 19. Rxd2 e5
20. Kh1 Rf8 21. Bg3 f4 22. exf4 exf4 23. Bh4 Bxh4 24. Nxh4 Rh6 25. Nf3 Rg6 26.
Qe4 Qf5 27. Qxf5 Rxf5 28. Nh4 Rfg5 29. Nxg6 Rxg6 30. Re1 Kf7 31. Rde2 Kf6 32.
Re6+ Kf7 33. Rxg6 hxg6 34. g3 fxg3 35. fxg3 Ba6 36. b3 a4 37. Kg2 b5 38. Re4
Bb7 39. Kf2 c6 40. Re6 bxc4 41. bxc4 cxd5 42. Rxd6 Ke7 43. Rxg6 Kf7 44. Rb6
dxc4 45. Rxb7+ Ke6 46. Rb5 Kd6 47. Ke2 Kc6 48. Rg5 Kd6 49. Kd2 1-0

[Event "20e tournoi d'automne"]
[Site "Montigny le Bretonneux"]
[Date "2022.10.25"]
[Round "4.16"]
[White "Benard, Franck"]
[Black "Yu, Etan"]
[Result "1-0"]
[WhiteElo "1365"]
[BlackElo "1199"]
[Annotator "Rivier,Sylvain"]
[PlyCount "89"]
[EventDate "2022.??.??"]

{Défense sicilienne} 1. e4 c5 2. Nf3 d6 3. h3 Nf6 4. Nc3 a6 5. a4 Nc6 6. d4
cxd4 7. Nxd4 e5 8. Nxc6 bxc6 9. Bc4 Be7 10. O-O Bb7 11. Rb1 c5 12. Qe2 Rb8 13.
Bxa6 Bxa6 14. Qxa6 O-O 15. Be3 Qc7 16. b3 Ra8 17. Qc4 Rfb8 18. f3 Rb4 19. Qd3
Qb6 20. Kh1 Nh5 21. Rfd1 h6 22. Nd5 Qb7 23. Nxb4 Qxb4 24. Qd5 Rd8 25. g4 Ng3+
26. Kg2 Ne2 27. Bd2 Qd4 28. Qxd4 Nxd4 29. c3 Ne6 30. a5 Ra8 31. Ra1 Bd8 32. b4
cxb4 33. cxb4 Nd4 34. Be1 Nc2 35. Kg3 Nxa1 36. Rxa1 Rb8 37. a6 Bb6 38. a7 Ra8
39. Bf2 Bxa7 40. Rxa7 Rxa7 41. Bxa7 Kf8 42. b5 Ke7 43. b6 Kd7 44. b7 Ke6 45.
b8=Q 1-0

[Event "20e tournoi d'automne"]
[Site "Montigny le Bretonneux"]
[Date "2022.10.25"]
[Round "4.17"]
[White "Rosu, Matei"]
[Black "Danek, Victor"]
[Result "0-1"]
[WhiteElo "1118"]
[BlackElo "1342"]
[Annotator "Rivier,Sylvain"]
[PlyCount "100"]
[EventDate "2022.??.??"]

{Ouverture du pion roi} 1. e4 d6 2. d4 Nf6 3. Nc3 Nc6 4. Nf3 Bg4 5. Be2 e5 6.
d5 Ne7 7. h3 Bh5 8. Be3 Bg6 9. Bd3 c6 10. Nd2 cxd5 11. Bb5+ Nd7 12. exd5 a6 13.
Nde4 Bxe4 14. Nxe4 Ng6 15. Ba4 b5 16. Bb3 Be7 17. O-O O-O 18. Qd2 f5 19. Ng5 f4
20. Ne6 fxe3 21. Qxe3 Qb6 22. Nxf8 Rxf8 23. Rab1 Qxe3 24. fxe3 Rxf1+ 25. Kxf1
Kf7 26. Rc1 Bg5 27. Kf2 Nh4 28. a4 Nf5 29. Re1 Bh4+ 30. Ke2 Bxe1 31. Kxe1 Nxe3
32. Kf2 Nd1+ 33. Kf3 Nxb2 34. axb5 axb5 35. Ke4 Nc5+ 36. Ke3 Nxb3 37. cxb3 Kf6
38. Kd2 Kf5 39. Kc2 Na4 40. bxa4 bxa4 41. Kb2 e4 42. Ka3 e3 43. Kxa4 e2 44. g4+
Ke5 45. Ka5 e1=Q+ 46. Ka4 Qc3 47. Kb5 Kxd5 48. g5 Qc5+ 49. Ka6 Kc6 50. g6 Qb6#
0-1

[Event "20e tournoi d'automne"]
[Site "Montigny le Bretonneux"]
[Date "2022.10.25"]
[Round "4.18"]
[White "Ndika, Anthony"]
[Black "Larzilliere, Yoan"]
[Result "0-1"]
[WhiteElo "1265"]
[BlackElo "1199"]
[Annotator "Rivier,Sylvain"]
[PlyCount "114"]
[EventDate "2022.??.??"]

{Ouverture anglaise, variante Kérès} 1. c4 Nf6 2. Nc3 e5 3. g3 c6 4. Bg2 d5 5.
cxd5 cxd5 6. e3 Bb4 7. Nge2 Nc6 8. O-O O-O 9. a3 Qa5 10. d4 e4 11. Bd2 Bxc3 12.
bxc3 Qd8 13. Qc2 Na5 14. Nc1 Nc4 15. Nb3 b6 16. Rfd1 h5 17. h4 Ng4 18. Be1 g5
19. Nd2 Ba6 20. Nxc4 Bxc4 21. Bf1 Bxf1 22. Kxf1 gxh4 23. gxh4 Qxh4 24. Ke2 Kh7
25. Rd2 Rac8 26. f3 Qf6 27. fxe4 dxe4 28. Qxe4+ Qg6 29. Qc2 Rfe8 30. Bf2 Rc6
31. d5 Rd6 32. Rad1 Kh8 33. Qa4 Rc8 34. Qd4+ Qf6 35. Qxf6+ Rxf6 36. Bh4 Rg6 37.
d6 Nf6 38. Bxf6+ Rxf6 39. d7 Rd8 40. Rd4 Rg6 41. Re4 Kh7 42. Re8 Rg8 43. Rxg8
Kxg8 44. Rd5 f6 45. Kf3 Kf7 46. Rxh5 Rxd7 47. Rh7+ Ke6 48. Rxd7 Kxd7 49. Ke4
Ke6 50. Kf4 f5 51. e4 fxe4 52. Kxe4 Kd6 53. Kd4 Kc6 54. Kc4 a6 55. a4 a5 56.
Kb3 Kc5 57. c4 Kd4 0-1

[Event "20e tournoi d'automne"]
[Site "Montigny le Bretonneux"]
[Date "2022.10.25"]
[Round "4.19"]
[White "Marillonnet, Paul"]
[Black "Bisson, Bernard"]
[Result "1-0"]
[WhiteElo "1278"]
[BlackElo "1228"]
[Annotator "Rivier,Sylvain"]
[PlyCount "51"]
[EventDate "2022.??.??"]

{Gambit dame, défense slave} 1. d4 d5 2. c4 c6 3. Nc3 Nf6 4. Nf3 Nbd7 5. Bg5 h6
6. Bh4 Qc7 7. e3 e6 8. Bd3 Be7 9. O-O e5 10. cxd5 cxd5 11. Rc1 a6 12. Nxd5 Qd8
13. Nc7+ Kf8 14. dxe5 Ng4 15. Bxe7+ Qxe7 16. Nxa8 Qd8 17. Nc7 Kg8 18. h3 Ngxe5
19. Nxe5 g6 20. Nxd7 Bxd7 21. Qf3 Rh7 22. Nd5 Rg7 23. Nf6+ Kh8 24. Nxd7 Qxd7
25. Rcd1 Kh7 26. Bxg6+ 1-0

[Event "20e tournoi d'automne"]
[Site "Montigny le Bretonneux"]
[Date "2022.10.25"]
[Round "4.20"]
[White "Boye-Monneret, Leonard"]
[Black "Montay, Jean-Paul"]
[Result "0-1"]
[WhiteElo "1199"]
[BlackElo "1229"]
[Annotator "Rivier,Sylvain"]
[PlyCount "78"]
[EventDate "2022.??.??"]

{DÃ©fense Nimzo-indienne, variante classique} 1. d4 Nf6 2. c4 e6 3. Nc3 Bb4 4.
Qc2 O-O 5. a3 Bxc3+ 6. Qxc3 b6 7. Bg5 d5 8. cxd5 exd5 9. e3 Nbd7 10. Bd3 h6 11.
Bh4 c5 12. Ne2 Ne4 13. Bxd8 Nxc3 14. Nxc3 Rxd8 15. Nxd5 Bb7 16. Nf4 cxd4 17.
exd4 Nf6 18. O-O-O Rxd4 19. Bh7+ Kxh7 20. Rxd4 Rc8+ 21. Kb1 g5 22. Nd3 Bxg2 23.
Rc1 Rxc1+ 24. Kxc1 Kg7 25. Ne5 Ne4 26. Rd7 Kf6 27. Ng4+ Kg6 28. Rxa7 h5 29.
Ne5+ Kf5 30. Nd3 Nd6 31. Ra6 Nc8 32. Ra4 Nd6 33. Rb4 b5 34. Kd2 Bc6 35. Ke3 Ne8
36. Kd4 Bd7 37. Kd5 Nf6+ 38. Kd6 Be8 39. Ke7 Nd5+ 0-1

[Event "20e tournoi d'automne"]
[Site "Montigny le Bretonneux"]
[Date "2022.10.26"]
[Round "5.1"]
[White "Gouanelle, Franck"]
[Black "Divies, Renaud"]
[Result "1-0"]
[WhiteElo "2065"]
[BlackElo "1930"]
[Annotator "Rivier,Sylvain"]
[PlyCount "123"]
[EventDate "2022.??.??"]

{DÃ©fense vieille Benoni} 1. d4 c5 2. d5 g6 3. Nc3 Bg7 4. e4 d6 5. Bb5+ Nd7 6.
a4 Ngf6 7. Nf3 a6 8. Bc4 Ng4 9. Be2 O-O 10. O-O b6 11. h3 Nh6 12. Be3 f6 13.
Qc1 Nf7 14. Nh2 g5 15. Bg4 Nde5 16. Bf5 Nc4 17. b3 Nce5 18. Qd1 Nh6 19. g4 Nhf7
20. f3 Qe8 21. Qe2 Bd7 22. Rfd1 h5 23. Kg2 Bxf5 24. exf5 Bh6 25. Nf1 Kh7 26.
Ng3 h4 27. Nge4 Qd7 28. Bg1 Qb7 29. Bh2 Ra7 30. Bxe5 Nxe5 31. Nd2 Rfa8 32. Nc4
Bg7 33. Nxe5 fxe5 34. Ne4 Bf6 35. b4 cxb4 36. Qd2 Kh6 37. Qxb4 b5 38. axb5 Qxb5
39. Qxb5 axb5 40. Rab1 Ra2 41. Rd2 Rc8 42. Rxb5 Rcxc2 43. Rxc2 Rxc2+ 44. Kf1
Kg7 45. Rb7 Kf8 46. Nxf6 exf6 47. Rd7 Rc1+ 48. Ke2 Rc2+ 49. Kd3 Rh2 50. Rxd6
Kf7 51. Rd7+ Ke8 52. Rh7 Rxh3 53. d6 Rxf3+ 54. Ke4 Rf4+ 55. Kd5 Kf8 56. d7 Rd4+
57. Ke6 Kg8 58. Re7 e4 59. Re8+ Kg7 60. d8=Q Rxd8 61. Rxd8 e3 62. Rd3 1-0

[Event "20e tournoi d'automne"]
[Site "Montigny le Bretonneux"]
[Date "2022.10.26"]
[Round "5.2"]
[White "Delmas-Goyon, Francois"]
[Black "Orfila, Kristofer"]
[Result "1/2-1/2"]
[WhiteElo "1899"]
[BlackElo "1740"]
[Annotator "Rivier,Sylvain"]
[PlyCount "98"]
[EventDate "2022.??.??"]

{DÃ©fense sicilienne, variante de Scheveningue} 1. e4 c5 2. Nf3 e6 3. d4 cxd4
4. Nxd4 Nc6 5. Nc3 Qc7 6. Be3 a6 7. Be2 Nf6 8. O-O Be7 9. f4 d6 10. Bf3 O-O 11.
Qe1 Bd7 12. Rd1 Nxd4 13. Bxd4 Bc6 14. Qg3 b5 15. e5 dxe5 16. Bxe5 Qb7 17. Bxc6
Qxc6 18. Qf3 Qxf3 19. Rxf3 Rfd8 20. Rfd3 Kf8 21. Rxd8+ Rxd8 22. Rxd8+ Bxd8 23.
h3 Ke8 24. a4 b4 25. Na2 Nd5 26. c4 bxc3 27. Nxc3 Nxc3 28. Bxc3 g6 29. Kf2 Kd7
30. Ke3 Kc6 31. Kd4 g5 32. fxg5 Bxg5 33. Kc4 Be3 34. b4 Bb6 35. g4 Bd8 36. Bd4
f5 37. b5+ Kb7 38. gxf5 exf5 39. Kd5 axb5 40. axb5 Bc7 41. Ke6 f4 42. Kf5 Bd6
43. h4 h5 44. Kg5 f3 45. Bf2 Bc7 46. Kxh5 Bb6 47. Kg4 Bxf2 48. h5 Be3 49. Kxf3
Bh6 1/2-1/2

[Event "20e tournoi d'automne"]
[Site "Montigny le Bretonneux"]
[Date "2022.10.26"]
[Round "5.3"]
[White "Kvashyna, Tetyana"]
[Black "Forissier, Nicolas"]
[Result "0-1"]
[WhiteElo "1677"]
[BlackElo "1922"]
[Annotator "Rivier,Sylvain"]
[PlyCount "84"]
[EventDate "2022.??.??"]

{DÃ©fense GrÃ¼nfeld, variante d'Ã©change} 1. d4 Nf6 2. Nf3 g6 3. c4 Bg7 4. Nc3
d5 5. cxd5 Nxd5 6. e4 Nxc3 7. bxc3 O-O 8. Be2 c5 9. O-O cxd4 10. cxd4 Nc6 11.
Be3 Bg4 12. e5 Be6 13. Qd2 Bd5 14. Rfd1 Qd7 15. Rac1 Rfd8 16. Rc3 a6 17. a3 b5
18. Rdc1 Rab8 19. Ne1 a5 20. Rc5 b4 21. Bb5 Rxb5 22. Rxb5 Nxe5 23. Rbc5 Nc6 24.
axb4 axb4 25. Nd3 Nxd4 26. Nxb4 Bxg2 27. Bxd4 Bxd4 28. Rg5 Ba8 29. Qc2 Qb7 30.
Nc6 Rd6 31. Rg4 Qxc6 32. Qxc6 Bxc6 33. h3 e5 34. Rg3 Bd5 35. h4 Kg7 36. Rc7 Ra6
37. Rc1 Ra2 38. Rd3 Bxf2+ 39. Kf1 Bd4 40. h5 Ba8 41. hxg6 hxg6 42. Rc8 Bb7 0-1

[Event "20e tournoi d'automne"]
[Site "Montigny le Bretonneux"]
[Date "2022.10.26"]
[Round "5.4"]
[White "Yu, Matthieu"]
[Black "Mouton, Galina"]
[Result "1-0"]
[WhiteElo "1743"]
[BlackElo "1406"]
[Annotator "Rivier,Sylvain"]
[PlyCount "119"]
[EventDate "2022.??.??"]

{Gambit dame refusÃ©} 1. d4 d5 2. c4 e6 3. Nf3 c6 4. Qc2 Nf6 5. g3 Be7 6. Bg2
O-O 7. O-O dxc4 8. Qxc4 b5 9. Qc2 Bb7 10. b3 Nbd7 11. Bb2 Rc8 12. Qd3 a6 13.
Nbd2 c5 14. e3 cxd4 15. exd4 Rc7 16. Rac1 Qb8 17. Rxc7 Qxc7 18. Rc1 Qb6 19. Ne5
Bxg2 20. Kxg2 Qb7+ 21. Qf3 Nd5 22. Ne4 Nxe5 23. dxe5 Qb6 24. a3 h6 25. b4 Rd8
26. Nc5 Nc7 27. Qe3 Nd5 28. Qe4 Ra8 29. Bd4 Qc7 30. Nb3 Qd8 31. Na5 Bf8 32. Bc5
Rc8 33. Nb7 Qd7 34. Nd6 Rc6 35. Qe2 Be7 36. f4 g6 37. Qf3 Kg7 38. Rd1 Bf8 39.
h4 Be7 40. h5 Bf8 41. g4 Bxd6 42. exd6 Rxd6 43. Bxd6 Qxd6 44. Kg3 g5 45. Qe4
gxf4+ 46. Kf3 Qc7 47. Qd4+ f6 48. Qd3 Qc3 49. Qxc3 Nxc3 50. Rd7+ Kf8 51. Kxf4
Nd5+ 52. Kf3 Nb6 53. Rd6 Nc4 54. Rxe6 Nxa3 55. Rxf6+ Ke7 56. Rxa6 Nc2 57. Rxh6
Nxb4 58. Rb6 Nc2 59. Rb7+ Kf6 60. h6 1-0

[Event "20e tournoi d'automne"]
[Site "Montigny le Bretonneux"]
[Date "2022.10.26"]
[Round "5.5"]
[White "Touiller, Thibault"]
[Black "Martin-Breteau, Paul"]
[Result "1/2-1/2"]
[WhiteElo "1712"]
[BlackElo "1329"]
[Annotator "Rivier,Sylvain"]
[PlyCount "58"]
[EventDate "2022.??.??"]

{Ouverture catalane, variante Alekhine} 1. d4 d5 2. Nf3 Nf6 3. c4 e6 4. g3 Nbd7
5. Bg2 dxc4 6. Qc2 a6 7. Qxc4 b5 8. Qc2 Bb7 9. O-O c5 10. Rd1 Rc8 11. dxc5 Bxc5
12. Qd3 Be4 13. Qd2 Bxb1 14. Rxb1 Bxf2+ 15. Kf1 Bb6 16. Qg5 O-O 17. Ne5 Qc7 18.
Nc6 Rfe8 19. Bf4 e5 20. Rbc1 Bc5 21. Rxc5 Nxc5 22. Bxe5 Rxe5 23. Qxe5 Qxe5 24.
Nxe5 Re8 25. Bc6 Rc8 26. b4 Na4 27. Bb7 Re8 28. Bxa6 Nc3 29. Rd3 Nfd5 1/2-1/2

[Event "20e tournoi d'automne"]
[Site "Montigny le Bretonneux"]
[Date "2022.10.26"]
[Round "5.6"]
[White "Duget, Long Jc"]
[Black "Li, Zi-Long"]
[Result "0-1"]
[WhiteElo "1639"]
[BlackElo "1771"]
[Annotator "Rivier,Sylvain"]
[PlyCount "128"]
[EventDate "2022.??.??"]

{DÃ©fense Caro-Kann, variante d'Ã©change} 1. e4 c6 2. d4 d5 3. exd5 cxd5 4. Bd3
Nc6 5. c3 Nf6 6. Nf3 Bg4 7. h3 Bh5 8. g4 Bg6 9. Bf4 e6 10. Ne5 Bxd3 11. Qxd3
Bd6 12. Nd2 Qc7 13. Bg3 Nxe5 14. dxe5 Bxe5 15. O-O Bxg3 16. fxg3 O-O 17. Kg2
Qc6 18. Kh2 Rad8 19. Rae1 Ne4 20. Nf3 Qd6 21. Nh4 b5 22. a3 a5 23. Rf3 b4 24.
cxb4 axb4 25. a4 Qc6 26. Ng2 Qxa4 27. h4 Rc8 28. Re2 Rc1 29. g5 Qa1 30. Kh3 Rf1
31. Nf4 Qd1 32. Qxd1 Rxd1 33. Rc2 Rd2 34. Rxd2 Nxd2 35. Rf2 Nc4 36. Re2 Ra8 37.
h5 Nd6 38. g4 Ne4 39. g6 hxg6 40. hxg6 Rc8 41. Kg2 b3 42. gxf7+ Kxf7 43. Nd3
Kf6 44. Kf3 Kg5 45. Rh2 Rf8+ 46. Ke3 Nf6 47. Ne5 Nxg4+ 48. Nxg4 Kxg4 49. Rg2+
Kh5 50. Rxg7 Kh6 51. Rb7 Kg5 52. Rxb3 Rf4 53. Rb7 Re4+ 54. Kd3 Kf5 55. b4 Ke5
56. Kc3 Re3+ 57. Kc2 Kd6 58. Rb8 Kc7 59. Rb5 Kc6 60. Rb8 d4 61. Rd8 e5 62. Kb2
Kb5 63. Rb8+ Kc4 64. b5 Rb3+ 0-1

[Event "20e tournoi d'automne"]
[Site "Montigny le Bretonneux"]
[Date "2022.10.26"]
[Round "5.7"]
[White "Ascencio-Parvy, Joseph"]
[Black "Schwartz, Timothee"]
[Result "1-0"]
[WhiteElo "1650"]
[BlackElo "1334"]
[Annotator "Rivier,Sylvain"]
[PlyCount "75"]
[EventDate "2022.??.??"]

{Défense sicilienne, étau de Maroczy} 1. e4 c5 2. c4 Nc6 3. Ne2 g6 4. d4 cxd4
5. Nxd4 Bg7 6. Be3 Nf6 7. Nc3 Ng4 8. Qxg4 Nxd4 9. Qd1 e5 10. Qd2 O-O 11. O-O-O
Qa5 12. Kb1 d6 13. Nb5 Qxd2 14. Rxd2 Nxb5 15. cxb5 Rd8 16. Bc4 b6 17. Bg5 Bb7
18. Bxd8 Bxe4+ 19. Bd3 Bxd3+ 20. Rxd3 Rxd8 21. Rhd1 Bf8 22. Rc3 Rd7 23. Rdc1 d5
24. Rc7 Rxc7 25. Rxc7 Bc5 26. f3 f5 27. Kc2 Bg1 28. h3 e4 29. fxe4 fxe4 30. Kd2
d4 31. Ke2 e3 32. Kd3 Bf2 33. Rxa7 Kf8 34. Rxh7 Kg8 35. Rb7 Kf8 36. a4 Ke8 37.
Rxb6 Bg1 38. Rxg6 1-0

[Event "20e tournoi d'automne"]
[Site "Montigny le Bretonneux"]
[Date "2022.10.26"]
[Round "5.8"]
[White "Beaufils, Philippe"]
[Black "Dang, Louis"]
[Result "0-1"]
[WhiteElo "1774"]
[BlackElo "1394"]
[Annotator "Rivier,Sylvain"]
[PlyCount "82"]
[EventDate "2022.??.??"]

{DÃ©fense des deux cavaliers} 1. e4 e5 2. Bc4 Nf6 3. d3 Nc6 4. c3 d6 5. Nf3 Be7
6. b4 O-O 7. O-O h6 8. Re1 Bg4 9. Nbd2 Nh7 10. h3 Bh5 11. g4 Bg6 12. Kg2 Qd7
13. Nf1 Nd8 14. Be3 Ne6 15. Qd2 Neg5 16. N3h2 Ne6 17. Ng3 Bg5 18. Nf5 Nf4+ 19.
Kg3 Bxf5 20. exf5 Bf6 21. h4 Qc6 22. Nf3 Rfe8 23. b5 Qd7 24. d4 Rad8 25. Red1
Qe7 26. Re1 Qd7 27. Rad1 Qc8 28. Qc2 c6 29. Qb3 Rf8 30. dxe5 dxe5 31. Bc5 cxb5
32. Qxb5 Rfe8 33. Be3 Qc7 34. Qb3 Rc8 35. Bb5 Red8 36. Rxd8+ Rxd8 37. Bc4 Nd3
38. Bxd3 Rxd3 39. Kg2 e4 40. Nd4 Bxh4 41. Qd5 Nf6 0-1

[Event "20e tournoi d'automne"]
[Site "Montigny le Bretonneux"]
[Date "2022.10.26"]
[Round "5.9"]
[White "Plantet, Marc"]
[Black "Longbien, Dominique"]
[Result "1-0"]
[WhiteElo "1739"]
[BlackElo "1379"]
[Annotator "Rivier,Sylvain"]
[PlyCount "79"]
[EventDate "2022.??.??"]

{Défense Caro-Kann, variante des deux cavaliers} 1. e4 c6 2. Nf3 d5 3. Nc3 Bg4
4. e5 e6 5. Be2 Bb4 6. Nd4 Qb6 7. Nb3 Bf5 8. Na4 Qc7 9. c3 b5 10. cxb4 bxa4 11.
Nc5 Qxe5 12. O-O Nf6 13. d4 Qc7 14. Qxa4 O-O 15. Bg5 Ne4 16. Nxe4 Bxe4 17. Rac1
Qb6 18. Be7 Rc8 19. Bc5 Qc7 20. Rc3 Nd7 21. Rfc1 Nb6 22. Qd1 Rab8 23. Ba6 Re8
24. a4 Nd7 25. Qd2 Nxc5 26. Rxc5 Rb6 27. b5 h6 28. f3 Bg6 29. a5 Rxa6 30. bxa6
e5 31. Rxc6 Qb8 32. Rc7 exd4 33. Qxd4 Qb5 34. Rc8 Kh7 35. Rxe8 Qxe8 36. Qxa7
Qb5 37. Qb6 Qd3 38. a7 d4 39. Qc5 Qe3+ 40. Kh1 1-0

[Event "20e tournoi d'automne"]
[Site "Montigny le Bretonneux"]
[Date "2022.10.26"]
[Round "5.10"]
[White "Briquet, Tom"]
[Black "Cogez, Celine"]
[Result "1/2-1/2"]
[WhiteElo "1329"]
[BlackElo "1651"]
[Annotator "Rivier,Sylvain"]
[PlyCount "106"]
[EventDate "2022.??.??"]

{DÃ©fense Caro-Kann, variante d'avance} 1. e4 c6 2. d4 d5 3. e5 Bf5 4. Bd3 Bxd3
5. Qxd3 e6 6. Ne2 Nd7 7. O-O c5 8. c3 Ne7 9. Nd2 Nf5 10. Nf3 Be7 11. g4 Nh4 12.
Nxh4 Bxh4 13. f4 h6 14. f5 c4 15. Qf3 Qe7 16. b3 O-O-O 17. bxc4 dxc4 18. Rb1
Nb6 19. Rb4 Qc7 20. Bd2 Be7 21. Rb5 a6 22. Rb2 Ba3 23. Rbb1 Nd5 24. fxe6 fxe6
25. Qf7 Qxf7 26. Rxf7 b5 27. Rxg7 Rdg8 28. Rxg8+ Rxg8 29. h3 h5 30. g5 h4 31.
Kh2 Rf8 32. Rg1 Rf2+ 33. Rg2 Rxg2+ 34. Kxg2 Ne7 35. Nf4 Kd7 36. g6 a5 37. g7 b4
38. cxb4 axb4 39. Ng6 Ng8 40. Kf3 b3 41. axb3 cxb3 42. Bc3 b2 43. Bxb2 Bxb2 44.
Ke4 Ke8 45. Nxh4 Kf7 46. d5 exd5+ 47. Kxd5 Kxg7 48. e6 Ne7+ 49. Kd6 Bf6 50. Nf3
Kh6 51. Kd7 Kh5 52. Ne5 Kh4 53. Nc6 Nxc6 1/2-1/2

[Event "20e tournoi d'automne"]
[Site "Montigny le Bretonneux"]
[Date "2022.10.26"]
[Round "5.11"]
[White "Danek, Victor"]
[Black "Demiro O Domiro, Marc"]
[Result "0-1"]
[WhiteElo "1342"]
[BlackElo "1639"]
[Annotator "Rivier,Sylvain"]
[PlyCount "112"]
[EventDate "2022.??.??"]

{Ouverture anglaise, variante symétrique, système Rubinstein} 1. c4 c5 2. Nc3
Nf6 3. e4 Nc6 4. g3 d6 5. Bg2 e5 6. Nf3 Be7 7. d3 O-O 8. O-O Bd7 9. Bd2 Ne8 10.
a3 Qc8 11. Qe2 Nc7 12. Rfd1 Bg4 13. Be3 Ne6 14. Qd2 Ncd4 15. Bxd4 Nxd4 16. Qe3
Nc2 17. Qd2 Nxa1 18. Rxa1 f5 19. Nd5 Bd8 20. h3 Bh5 21. exf5 Bxf3 22. Bxf3 Qxf5
23. Bg4 Qf7 24. Re1 h5 25. Bd1 h4 26. Bg4 Ba5 27. b4 cxb4 28. axb4 hxg3 29.
fxg3 Bb6+ 30. Nxb6 axb6 31. Qe2 Ra3 32. Rf1 Qxf1+ 33. Qxf1 Rxf1+ 34. Kxf1 Rxd3
35. Kf2 b5 36. cxb5 b6 37. Be2 Rd4 38. Ke3 g5 39. g4 Kg7 40. Kf3 Kf6 41. Ke3
Rxb4 42. Kf3 e4+ 43. Ke3 Ke5 44. Kd2 d5 45. Kc3 Rb1 46. Kc2 Rh1 47. Kd2 d4 48.
Bd1 Rxh3 49. Ke2 Rh2+ 50. Kf1 Rh1+ 51. Ke2 d3+ 52. Ke3 Rxd1 53. Kf2 Kf4 54. Kg2
e3 55. Kh2 Kf3 56. Kh3 Rh1# 0-1

[Event "20e tournoi d'automne"]
[Site "Montigny le Bretonneux"]
[Date "2022.10.26"]
[Round "5.12"]
[White "Larzilliere, Yoan"]
[Black "Kunne, Ronald"]
[Result "0-1"]
[WhiteElo "1199"]
[BlackElo "1533"]
[Annotator "Rivier,Sylvain"]
[PlyCount "78"]
[EventDate "2022.??.??"]

{DÃ©f'ense franÃ§aise} 1. e4 e6 2. b3 d5 3. Bb2 dxe4 4. Nc3 Nf6 5. Qe2 Be7 6.
Nxe4 Nc6 7. O-O-O O-O 8. Nf3 a5 9. a4 Nb4 10. g4 b5 11. g5 Nd7 12. Rg1 bxa4 13.
Nf6+ Nxf6 14. Qe5 Nh5 15. g6 fxg6 16. Qxh5 Rf5 17. Qh3 Bf6 18. c3 Nd3+ 19. Bxd3
Qxd3 20. Rg3 axb3 21. Nd4 Qe4 22. Re3 Qd5 23. Nxf5 exf5 24. Rde1 Ba6 25. Qg3
Qd6 26. Kd1 Qxg3 27. hxg3 Kf7 28. d4 Bc4 29. Kd2 a4 30. Ba3 g5 31. Be7 Re8 32.
Bxf6 Rxe3 33. Rxe3 Kxf6 34. Re1 a3 35. Kc1 Bd3 36. Kd2 Be4 37. Rxe4 fxe4 38.
Kc1 h5 39. c4 h4 0-1

[Event "20e tournoi d'automne"]
[Site "Montigny le Bretonneux"]
[Date "2022.10.26"]
[Round "5.13"]
[White "Petitgas, Aurelien"]
[Black "Benard, Franck"]
[Result "1-0"]
[WhiteElo "1516"]
[BlackElo "1365"]
[Annotator "Rivier,Sylvain"]
[PlyCount "71"]
[EventDate "2022.??.??"]

{Défense sicilienne, variante Löwenthal} 1. e4 c5 2. Nf3 Nc6 3. d4 cxd4 4. Nxd4
e5 5. Nb5 a6 6. Nd6+ Bxd6 7. Qxd6 Qe7 8. Qxe7+ Ngxe7 9. c4 Nd4 10. Bd3 O-O 11.
Nc3 d6 12. O-O Be6 13. Be3 Ndc6 14. Rac1 Rac8 15. Rfd1 Rfd8 16. Rd2 Nb4 17. b3
Nxd3 18. Rxd3 Rc6 19. Rcd1 Nc8 20. Nd5 Kf8 21. Nb4 Rc7 22. Nd5 Bxd5 23. Rxd5
Ke7 24. a4 f6 25. f4 Rcd7 26. f5 h5 27. h3 Rg8 28. c5 g6 29. cxd6+ Nxd6 30. Bc5
Rgd8 31. fxg6 Ke6 32. Rxd6+ Rxd6 33. Rxd6+ Rxd6 34. Bxd6 b5 35. axb5 axb5 36.
Kf2 1-0

[Event "20e tournoi d'automne"]
[Site "Montigny le Bretonneux"]
[Date "2022.10.26"]
[Round "5.14"]
[White "Rauche, Michel"]
[Black "Daele, Herve"]
[Result "0-1"]
[WhiteElo "1298"]
[BlackElo "1591"]
[Annotator "Rivier,Sylvain"]
[PlyCount "56"]
[EventDate "2022.??.??"]

{Gambit dame, défense semi-slave} 1. c4 c6 2. Nf3 d5 3. e3 Nf6 4. Nc3 e6 5. d4
Nbd7 6. b3 dxc4 7. bxc4 Bb4 8. Bd2 O-O 9. Bd3 c5 10. a3 Ba5 11. O-O Bc7 12. Rb1
b6 13. e4 cxd4 14. Nxd4 Nc5 15. Be3 Nxd3 16. Qxd3 e5 17. Rfd1 exd4 18. Bxd4 Bb7
19. Qh3 Qe7 20. Re1 Be5 21. Nd5 Bxd5 22. exd5 Nd7 23. f4 Bxd4+ 24. Kh1 Qd6 25.
Re4 Bc5 26. Rb3 Rfe8 27. Rxe8+ Rxe8 28. Qh4 Qxf4 0-1

[Event "20e tournoi d'automne"]
[Site "Montigny le Bretonneux"]
[Date "2022.10.26"]
[Round "5.15"]
[White "Larzilliere, Eric"]
[Black "Marillonnet, Paul"]
[Result "0-1"]
[WhiteElo "1457"]
[BlackElo "1278"]
[Annotator "Rivier,Sylvain"]
[PlyCount "30"]
[EventDate "2022.??.??"]

{Défense sicilienne, variante Taimanov} 1. e4 c5 2. Nf3 e6 3. d4 cxd4 4. Nxd4
Nc6 5. Bb5 a6 6. Ba4 Nf6 7. Bg5 Be7 8. f3 Qa5+ 9. c3 Qxg5 10. Qc2 Nxd4 11. cxd4
Qe3+ 12. Kf1 Qxd4 13. Nc3 b5 14. Rd1 Qc4+ 15. Ne2 Qxa4 0-1

[Event "20e tournoi d'automne"]
[Site "Montigny le Bretonneux"]
[Date "2022.10.26"]
[Round "5.16"]
[White "Aidan, David"]
[Black "Rosu, Alexandru"]
[Result "0-1"]
[WhiteElo "1266"]
[BlackElo "1428"]
[Annotator "Rivier,Sylvain"]
[PlyCount "28"]
[EventDate "2022.??.??"]

{Partie espagnole, défense berlinoise} 1. e4 e5 2. Nf3 Nc6 3. Bb5 Nf6 4. d3 d6
5. Nc3 Be7 6. O-O O-O 7. Qe2 Bg4 8. Rd1 Nd4 9. Qe3 Nxc2 10. Qe2 Nxa1 11. Be3
Bxf3 12. gxf3 c6 13. Bc4 d5 14. exd5 cxd5 0-1